Court of Appeal Election Application No.08 of 2012 KASIBANTE MOSES VS KATONGOLE SINGH MARWAHA P (Record no. 5509)

MARC details
000 -LEADER
fixed length control field 00422nam a22001097a 4500
008 - FIXED-LENGTH DATA ELEMENTS--GENERAL INFORMATION
fixed length control field 130820b xxu||||| |||| 00| 0 eng d
010 ## - LIBRARY OF CONGRESS CONTROL NUMBER
LC control number CAE APPLF-74b
245 ## - TITLE STATEMENT
Title Court of Appeal Election Application No.08 of 2012 KASIBANTE MOSES VS KATONGOLE SINGH MARWAHA P
260 ## - PUBLICATION, DISTRIBUTION, ETC. (IMPRINT)
Place of publication, distribution, etc Court of Appeal Kampala
500 ## - GENERAL NOTE
Materials specified CORAM: Byamugisha, Kavuma, & Kasule
500 ## - GENERAL NOTE
Materials specified Application arising out of Election Petition Appeal No.46 of 2011
Holdings
Withdrawn status Lost status Source of classification or shelving scheme Damaged status Koha normalized classification for sorting Not for loan Koha collection Location (home branch) Sublocation or collection (holding branch) Shelving location Date acquired Koha issues (times borrowed) Koha full call number Piece designation (barcode) Koha date last seen Price effective from Koha item type Public note
    Dewey Decimal Classification   CAEP__APPL_F74B   Reference Law Development Centre Main Library Law Development Centre Main Library Reference 08/20/2013   CAEP.APPL F-74b 6138/2013 08/20/2013 08/20/2013 Un Reported Cases Judgement 3rd May 2012
    Library of Congress Classification   CAE_APPLF00074B   Reference Law Development Centre Main Library Law Development Centre Main Library Archives 08/20/2013   CAE.APPLF-74b 6139/2013 08/20/2013 08/20/2013 Un Reported Cases Judgement 3rd May 2012
    Dewey Decimal Classification         Law Development Centre Main Library Law Development Centre Main Library   07/04/2016       07/04/2016 07/04/2016 Un Reported Cases